000 00769nam a2200241Ia 4500
003 OSt
005 20220923230635.0
006 a|||||r|||| 00| 0
007 ta
008 220922b |||||||| |||| 00| 0 san d
024 _a286,551
037 _cTextual
040 _aARTS
_cARTS
_bsan
041 _2san
_asan
082 _aO15,2D40:g, N8
100 _aअग्निहोत्री, प्रभुदयाल, ले.
_9169089
245 0 _aमहाकवि कालिदास
246 _ahinākavi kālidāsa
260 _c1998
650 _aसंस्कृत साहित्य
942 _hO15,2D40:g, N8
_cTEXL
_2CC
999 _c386211
_d386211